000 00408 a2200157 4500
001 47206
020 _a9788539400638
040 _cAnchieta - Aquarius
100 _aBARBER, Shirley
240 1 0 _a*Meu primeiro livro de contos de fadas de ninar
_lpor
245 1 0 _a*Meu primeiro livro de contos de fadas de ninar
300 _a20p.
362 0 _a2010
650 4 _aLiteratura infanto-juvenil
942 _cBK
999 _c47206
_d47206